000 nam a22 7a 4500
999 _c28837
_d28837
008 170324b xxu||||| |||| 00| 0 eng d
050 _aHD 28 .W 2003
100 _aWucher, Jay R.
245 _aSoar with eangles :
_bDon't gobble with the turkeys /
_cJay R. Wucher
300 _a159p. :
_bill. ;
500 _aincludes references
942 _2lcc
_cBOOKS
_hHD 28 .W 2003